00618nam a2200169Ia 4500001001000000003000500010008004100015010001100056040000900067100002200076245014000098260003400238300001000272502009000282650002300372710005300395Para_1801CHAP220125s2002 xx 000 0 und d a200452 cCHAP aLuna Paez, Arturo aVariabilidad genética de cepas de Fusarium oxysporum f. sp ciceris mediante RAPD-PCR en el Bajío, México /c por Arturo Luna Paez aChapingo, Méx. :b el autor a63 h. aTesis (M.C. Esp. Protección Vegetal). UACh. Departamento Parasitología Agrícola aFusarium oxysporum aUACh. Departamento de Parasitología Agrícola